| 000 | 00772nam a22002297a 4500 | ||
|---|---|---|---|
| 003 | URS | ||
| 005 | 20250716113724.0 | ||
| 008 | 250716b |||||||| |||| 00| 0 eng d | ||
| 020 | _a978-1-4625-2562-1 | ||
| 040 |
_bEnglish _cURS _erda |
||
| 050 | 0 | 0 |
_aLB3051 _b.E268 2016 |
| 245 |
_aEducational measurement : _bfrom foundations to future / _cedited by Craig S. Wells and Molly Faulkner-Bond. |
||
| 264 |
_aNew York : _bThe Guilford Press _c©2016. |
||
| 300 |
_axvii,492 pages ; _c25 cm. |
||
| 336 |
_2rdacontent _atext _btxt |
||
| 337 |
_2rdamedia _aunmediated _bn |
||
| 338 |
_2rdacarrier _avolume _bnc |
||
| 650 | 0 | _aEducational tests and measurements. | |
| 700 |
_aWells, Craig S., _eeditor. _96244 |
||
| 700 |
_aFaulkner-Bond, Molly, _eauthor. _96245 |
||
| 942 |
_2lcc _cFR |
||
| 999 |
_c83608 _d83607 |
||